TV Mail Carriers Quiz Stats

 Plays Quiz not verified by Sporcle

Support Sporcle.
Go Orange.
Score 0/20 Timer 05:00
0 Plays Today
% Correct
Seinfeld
93.8%
Family Guy
92.1%
The Simpsons
90.2%
SpongeBob SquarePants
90.2%
The Flintstones
89.7%
South Park
88.9%
King of the Hill
82.6%
My Little Pony: Friendship is Magic
79.5%
The King of Queens
78%
Cheers
76.9%
% Correct
The Brady Bunch
65.5%
It's Always Sunny in Philadelphia
55.4%
Mister Rogers' Neighborhood
53.6%
The Addams Family
50.5%
Hey Arnold!
31.1%
Gravity Falls
27.9%
Rick and Morty
24.9%
Pee-wee's Playhouse
23.6%
My Name is Earl
13.5%
Mad TV
13.1%

You're not logged in!

Compare scores with friends on all Sporcle quizzes.
OR
Log In

From the Vault

Harry Potter Screenshot Match: Order of the Phoenix

by Quiztopia

Is a phoenix really just a flaming chicken?
Remove Ads.
Support Sporcle.
Get the best of Sporcle when you Go Orange. This ad-free experience offers more features, more stats, and more fun while also helping to support Sporcle. Thank you for becoming a member.

Show Comments

Extras

Top Quizzes Today


Score Distribution

Your Account Isn't Verified!

In order to create a playlist on Sporcle, you need to verify the email address you used during registration. Go to your Sporcle Settings to finish the process.

Report this User

Report this user for behavior that violates our Community Guidelines.

Details: